000 00725nam a2200217 i 4500
001 51934
003 ES-MaACL
005 20230906162456.0
007 t|
008 030821s1974 mx b |||| | spa d
080 _a94(510)"1966/69"
100 1 _aDaubier, Jean.
_942792
245 1 0 _aHistoria de la revolución cultural proletaria en China /
_cpor Jean Daubier ; [traducción de Jaime Goded y Alejandro Licona].
250 _a2ª ed.
260 _aMéxico :
_bSiglo Veintiuno,
_c[1974]
300 _aVII, 434 p., 1 mapa pleg. ;
_c18 cm.
651 4 _aChina-
_xHistoria-
_y1966-1969, Revolución cultural.
_9159985
700 1 _aGoded, Jaime.
_957509
700 1 _aLicona, Alejandro.
_972203
852 _aES-MaACL
_jE-7913
999 _c51934
_d51934